[Event "España ch Universitario 2005"]
[Site "Granada ESP"]
[Date "2005.05.09"]
[Round "1.1"]
[White "San Emeterio Cabanes, Jose Luis"]
[Black "Sierra Canosa, Francisco"]
[Result "1-0"]
[WhiteElo "2401"]
[BlackElo "2073"]
[PlyCount "53"]
[EventDate "2005.05.09"]
[EventType "swiss"]
[EventRounds "9"]
[EventCountry "ESP"]
[Source "lmi"]
[SourceDate "2005.05.11"]

1. e4 c5 2. Nf3 g6 3. c3 Bg7 4. d4 cxd4 5. cxd4 d5 6. e5 Nc6 7. Nc3 Bg4 8. Be2
e6 9. Nb5 Bxf3 10. Nd6+ Kf8 11. Bxf3 f6 12. Nxb7 Qe7 13. exf6 Bxf6 14. Nc5 Nxd4
15. Nb3 Rb8 16. O-O Nxb3 17. axb3 Kg7 18. Be3 Nh6 19. Rxa7 Rb7 20. Ra6 Nf5 21.
Re1 Rhb8 22. Rxe6 Qb4 23. Rxf6 Kxf6 24. Bd2 Qxb3 25. Bc3+ d4 26. Bxd4+ Kg5 27.
Qd2+ 1-0

[Event "España ch Universitario 2005"]
[Site "Granada ESP"]
[Date "2005.05.09"]
[Round "1.2"]
[White "Linares Quero, Alba"]
[Black "Fluvia Poyatos, Jordi"]
[Result "0-1"]
[WhiteElo "2066"]
[BlackElo "2399"]
[PlyCount "50"]
[EventDate "2005.05.09"]
[EventType "swiss"]
[EventRounds "9"]
[EventCountry "ESP"]
[Source "lmi"]
[SourceDate "2005.05.11"]

1. d4 d5 2. c4 e5 3. e3 exd4 4. exd4 Nf6 5. Nc3 Be7 6. Bd3 dxc4 7. Bxc4 O-O 8.
Nge2 Nbd7 9. O-O Nb6 10. b3 Nxc4 11. bxc4 Bf5 12. Qb3 Rb8 13. Ba3 Re8 14. Rfd1
a6 15. d5 Ne4 16. Nxe4 Bxe4 17. Bxe7 Qxe7 18. Nd4 Qf6 19. Rac1 Re5 20. f3 Bg6
21. Nc6 Re2 22. Nxb8 Qg5 23. g3 Qh5 24. h4 Qe5 25. Kf1 Bf5 0-1

[Event "España ch Universitario 2005"]
[Site "Granada ESP"]
[Date "2005.05.09"]
[Round "1.3"]
[White "Reinaldo Castiñeira, Roi"]
[Black "Almeria Vivo, Marc"]
[Result "0-1"]
[WhiteElo "2448"]
[BlackElo "2084"]
[PlyCount "90"]
[EventDate "2005.05.09"]
[EventType "swiss"]
[EventRounds "9"]
[EventCountry "ESP"]
[Source "lmi"]
[SourceDate "2005.05.11"]

1. e4 e6 2. d3 d5 3. Qe2 Be7 4. Nf3 dxe4 5. dxe4 b6 6. e5 Bb7 7. Nc3 Nc6 8. Be3
Bb4 9. Rd1 Bxc3+ 10. bxc3 Qe7 11. Qb5 Qa3 12. Qc4 Nge7 13. Bd3 Nd5 14. Bd2
O-O-O 15. O-O h5 16. Rfe1 Na5 17. Qd4 c5 18. Qh4 Nxc3 19. Bxc3 Qxc3 20. Ng5 Rd4
21. Qh3 Rg4 22. Nxf7 Bxg2 23. Ba6+ Bb7+ 24. Qxg4 hxg4 25. Bxb7+ Kxb7 26. Nxh8
Nc4 27. Nf7 Nd2 28. Re2 Nf3+ 29. Kh1 Nd4 30. Re3 Qxc2 31. Rf1 Qa4 32. Nd6+ Kb8
33. Kg2 Qc6+ 34. Kg3 Nf3 35. Rd1 g5 36. Kxg4 Nxh2+ 37. Kg3 Qa4 38. Rde1 Qh4+
39. Kg2 Ng4 40. Rg3 Qh2+ 41. Kf3 Qxf2+ 42. Kxg4 Qxe1 43. Nf7 Qe4+ 44. Kh5 Qe2+
45. Kxg5 Qf2 0-1

[Event "España ch Universitario 2005"]
[Site "Granada ESP"]
[Date "2005.05.09"]
[Round "1.4"]
[White "Andres Julia, Vicente"]
[Black "Baron Rodriguez, Jesus"]
[Result "0-1"]
[WhiteElo "2078"]
[BlackElo "2437"]
[PlyCount "72"]
[EventDate "2005.05.09"]
[EventType "swiss"]
[EventRounds "9"]
[EventCountry "ESP"]
[Source "lmi"]
[SourceDate "2005.05.11"]

1. e4 e5 2. Nf3 Nc6 3. d4 exd4 4. Bc4 Bc5 5. c3 Nf6 6. cxd4 Bb4+ 7. Bd2 Bxd2+
8. Nbxd2 d5 9. exd5 Nxd5 10. Qb3 Nce7 11. O-O O-O 12. Rfe1 c6 13. Ne5 Qb6 14.
Ndf3 Bf5 15. Rad1 Rad8 16. Rd2 Qxb3 17. Bxb3 h6 18. h3 g5 19. Ng4 Kg7 20. Rde2
Ng6 21. Ne3 Be4 22. Ne5 Ndf4 23. Rd2 Nxe5 24. Nf1 Bxg2 25. Rxe5 Bxh3 26. Re7
Rde8 27. Rxb7 Re1 28. Bc4 Rc1 29. b3 Bxf1 30. Bxf1 Re8 31. Rxa7 Ree1 32. a4
Rxf1+ 33. Kh2 Rg1 34. f3 Rh1+ 35. Kg3 Rcg1+ 36. Kf2 Rg2+ 0-1

[Event "España ch Universitario 2005"]
[Site "Granada ESP"]
[Date "2005.05.09"]
[Round "1.5"]
[White "Jimenez Lopez, Antonio"]
[Black "Llanes Hurtado, Miguel"]
[Result "0-1"]
[WhiteElo "2074"]
[BlackElo "2409"]
[PlyCount "90"]
[EventDate "2005.05.09"]
[EventType "swiss"]
[EventRounds "9"]
[EventCountry "ESP"]
[Source "lmi"]
[SourceDate "2005.05.11"]

1. e4 c5 2. Nf3 Nc6 3. Bb5 d6 4. O-O Bd7 5. c3 Nf6 6. Re1 a6 7. Ba4 b5 8. Bc2
Bg4 9. h3 Bxf3 10. Qxf3 g6 11. d3 Bg7 12. Be3 Nd7 13. a3 O-O 14. Nd2 a5 15.
Rac1 Nb6 16. Qe2 b4 17. axb4 axb4 18. Bb3 bxc3 19. bxc3 Ra3 20. Qd1 Qd7 21. Nb1
Ra1 22. Qd2 Rfa8 23. f4 Qb7 24. f5 c4 25. Bc2 cxd3 26. Qxd3 Ne5 27. Qb5 Nec4
28. Bd4 Qa6 29. Qb3 Qa4 30. Bxb6 Qxb3 31. Bxb3 Nxb6 32. fxg6 hxg6 33. Rf1 e6
34. Rf3 Nd7 35. Rd1 Rb8 36. Bc2 Rb2 37. Rf2 Be5 38. g4 g5 39. Bd3 Rb8 40. Rdf1
Nc5 41. Bc2 Rb2 42. Kg2 Raa2 43. Bd1 Nxe4 44. Rxb2 Rxb2+ 45. Kf3 Ng3 0-1

[Event "España ch Universitario 2005"]
[Site "Granada ESP"]
[Date "2005.05.09"]
[Round "1.6"]
[White "Franco Alonso, Alejandro"]
[Black "Davo Torres, Enrique"]
[Result "1-0"]
[WhiteElo "2387"]
[BlackElo "2060"]
[PlyCount "85"]
[EventDate "2005.05.09"]
[EventType "swiss"]
[EventRounds "9"]
[EventCountry "ESP"]
[Source "lmi"]
[SourceDate "2005.05.11"]

1. d4 d6 2. c4 g6 3. Nc3 Bg7 4. e4 Nd7 5. Bg5 c5 6. d5 Bxc3+ 7. bxc3 Qa5 8. Qc2
Ngf6 9. Rb1 h6 10. Bh4 Nxe4 11. Qxe4 Qxc3+ 12. Kd1 Ne5 13. Rc1 Qa3 14. Qe3 Qxa2
15. f4 Qa4+ 16. Kd2 Qb4+ 17. Rc3 Qb2+ 18. Rc2 Qb4+ 19. Kc1 Bf5 20. fxe5 Bxc2
21. Kxc2 Qa4+ 22. Qb3 Qxb3+ 23. Kxb3 dxe5 24. Nf3 f6 25. Bd3 Rg8 26. Bf2 b6 27.
g4 Rd8 28. Be4 g5 29. Ra1 a5 30. Ka4 Rd6 31. Kb5 Kd7 32. Bf5+ Kc7 33. Nd2 Rh8
34. Ne4 Rdd8 35. Ng3 Rd6 36. Be3 Rf8 37. Be6 Rdd8 38. Nf5 Rde8 39. h4 Rh8 40.
Rh1 Ra8 41. Ka4 Kd8 42. hxg5 fxg5 43. Bxg5 1-0

[Event "España ch Universitario 2005"]
[Site "Granada ESP"]
[Date "2005.05.09"]
[Round "1.7"]
[White "Ibarra Jerez, Jose Carlos"]
[Black "Wu Martin, Eneko"]
[Result "1-0"]
[WhiteElo "2435"]
[BlackElo "2077"]
[PlyCount "99"]
[EventDate "2005.05.09"]
[EventType "swiss"]
[EventRounds "9"]
[EventCountry "ESP"]
[Source "lmi"]
[SourceDate "2005.05.11"]

1. e4 e5 2. Nf3 Nc6 3. Bb5 Bc5 4. c3 Nf6 5. O-O O-O 6. d4 Bb6 7. dxe5 Nxe4 8.
Qd5 Nc5 9. Bg5 Qe8 10. Na3 Nxe5 11. Qxe5 Qxe5 12. Nxe5 f6 13. b4 Ne6 14. Bxf6
Rxf6 15. Bxd7 Nf4 16. Rae1 Nd3 17. Nxd3 Bxd7 18. Re7 Be6 19. Nc5 Bxc5 20. bxc5
Rc8 21. Re1 Bxa2 22. Nb5 a6 23. Nxc7 Rc6 24. Ne8 Rxc5 25. Nd6 Rf8 26. h4 Rxc3
27. Rxb7 Rb3 28. Ra7 Rb1 29. Rxb1 Bxb1 30. Rxa6 h6 31. Rb6 Bc2 32. Rc6 Bd3 33.
Rc3 Bb1 34. Re3 Rf4 35. Re8+ Rf8 36. Re7 Bg6 37. Nc4 Bf7 38. Ne3 Bg6 39. Re5
Rf4 40. g3 Rf8 41. Kg2 Re8 42. Rc5 Be4+ 43. Kh3 Bf3 44. g4 Kh7 45. Kg3 Be2 46.
Rc7 Re4 47. Rc2 Ba6 48. Nf5 Re8 49. Rc7 Rg8 50. Nxh6 1-0

[Event "España ch Universitario 2005"]
[Site "Granada ESP"]
[Date "2005.05.09"]
[Round "1.8"]
[White "Rey Garcia, Tomas"]
[Black "Perez Candelario, Manuel"]
[Result "0-1"]
[WhiteElo "2100"]
[BlackElo "2495"]
[PlyCount "36"]
[EventDate "2005.05.09"]
[EventType "swiss"]
[EventRounds "9"]
[EventCountry "ESP"]
[Source "lmi"]
[SourceDate "2005.05.11"]

1. e4 c5 2. Nc3 e6 3. g3 Nc6 4. Bg2 g6 5. Nge2 Bg7 6. d3 Nge7 7. Be3 Nd4 8. Qd2
Nec6 9. Nd1 O-O 10. Nxd4 cxd4 11. Bh6 d6 12. h4 e5 13. h5 Bxh6 14. Qxh6 g5 15.
f3 f6 16. Bh3 Ne7 17. Bxc8 Qxc8 18. f4 Kh8 0-1

[Event "España ch Universitario 2005"]
[Site "Granada ESP"]
[Date "2005.05.09"]
[Round "1.9"]
[White "Herraiz Hidalgo, Herminio"]
[Black "Mestres Cochs, Joan"]
[Result "1-0"]
[WhiteElo "2471"]
[BlackElo "2095"]
[PlyCount "41"]
[EventDate "2005.05.09"]
[EventType "swiss"]
[EventRounds "9"]
[EventCountry "ESP"]
[Source "lmi"]
[SourceDate "2005.05.11"]

1. d4 Nf6 2. c4 e5 3. dxe5 Ng4 4. Bf4 Nc6 5. Nf3 Bb4+ 6. Nbd2 Qe7 7. e3 Ngxe5
8. Nxe5 Nxe5 9. Be2 O-O 10. O-O d6 11. Nb3 Kh8 12. a3 Bc5 13. Nxc5 dxc5 14. b4
cxb4 15. axb4 c5 16. Qd5 Re8 17. bxc5 f6 18. Bxe5 Qxe5 19. Bf3 Be6 20. Qxe5
fxe5 21. Bxb7 1-0

[Event "España ch Universitario 2005"]
[Site "Granada ESP"]
[Date "2005.05.09"]
[Round "1.10"]
[White "Martinez Piqueras, Carlos"]
[Black "Fluvia Poyatos, Joan"]
[Result "0-1"]
[WhiteElo "2091"]
[BlackElo "2465"]
[PlyCount "72"]
[EventDate "2005.05.09"]
[EventType "swiss"]
[EventRounds "9"]
[EventCountry "ESP"]
[Source "lmi"]
[SourceDate "2005.05.11"]

1. e4 c5 2. Nf3 Nc6 3. Bb5 g6 4. O-O Bg7 5. c3 Nf6 6. Re1 O-O 7. d4 d5 8. e5
Ne4 9. Bxc6 bxc6 10. Nbd2 cxd4 11. cxd4 c5 12. Nxe4 dxe4 13. Rxe4 Bb7 14. Re1
Bxf3 15. Qxf3 cxd4 16. Bf4 Qb6 17. b3 Rac8 18. Rac1 Qa5 19. Qe2 e6 20. h3 h6
21. Red1 Rxc1 22. Rxc1 Rd8 23. Qd2 Qxd2 24. Bxd2 Bxe5 25. Bxh6 f6 26. Bd2 Kf7
27. Kf1 Bd6 28. Ke2 e5 29. Ba5 Rd7 30. f3 f5 31. Kd3 Ke6 32. Rc8 Kd5 33. Rg8
e4+ 34. fxe4+ fxe4+ 35. Kd2 Bf4+ 36. Kd1 e3 0-1

[Event "España ch Universitario 2005"]
[Site "Granada ESP"]
[Date "2005.05.09"]
[Round "2.1"]
[White "Fluvia Poyatos, Jordi"]
[Black "Millan Garcia, Francisco Jose"]
[Result "1-0"]
[WhiteElo "2399"]
[BlackElo "2153"]
[PlyCount "47"]
[EventDate "2005.05.09"]
[EventType "swiss"]
[EventRounds "9"]
[EventCountry "ESP"]
[Source "lmi"]
[SourceDate "2005.05.11"]

1. e4 e6 2. d4 d5 3. e5 c5 4. c3 Nc6 5. Nf3 Qc7 6. Be2 Be7 7. O-O f6 8. Re1 Nh6
9. Bxh6 gxh6 10. Na3 a6 11. c4 fxe5 12. Nxe5 Nxe5 13. dxe5 d4 14. Bh5+ Kd8 15.
Qg4 Bf8 16. Rad1 b6 17. Nc2 Ra7 18. Nxd4 cxd4 19. Rxd4+ Bd7 20. Qxe6 Kc8 21.
Qf6 Rg8 22. Bf7 Rg5 23. Rxd7 Kxd7 24. Qe6+ 1-0

[Event "España ch Universitario 2005"]
[Site "Granada ESP"]
[Date "2005.05.09"]
[Round "2.2"]
[White "Baron Rodriguez, Jesus"]
[Black "Casuso Ruiz, Roman"]
[Result "1-0"]
[WhiteElo "2437"]
[BlackElo "2156"]
[PlyCount "69"]
[EventDate "2005.05.09"]
[EventType "swiss"]
[EventRounds "9"]
[EventCountry "ESP"]
[Source "lmi"]
[SourceDate "2005.05.11"]

1. e4 c5 2. Nc3 d6 3. Nf3 Nf6 4. d4 cxd4 5. Nxd4 a6 6. f4 e5 7. Nf3 exf4 8.
Bxf4 Be7 9. Bd3 Be6 10. Nd4 Nc6 11. Nxe6 fxe6 12. Qf3 O-O 13. Qh3 e5 14. Bg5
Qd7 15. Qxd7 Nxd7 16. Be3 Nf6 17. Rd1 Ng4 18. Bg1 Kh8 19. Nd5 Bd8 20. c3 Ne7
21. Be2 Nf6 22. Nxf6 Rxf6 23. Be3 h6 24. Rf1 Rxf1+ 25. Kxf1 Bc7 26. Bg4 Rf8+
27. Ke2 Rf6 28. a4 Kh7 29. b4 g5 30. b5 Kg6 31. c4 h5 32. Bd7 Rf8 33. c5 dxc5
34. Bxc5 Rf7 35. Be8 1-0

[Event "España ch Universitario 2005"]
[Site "Granada ESP"]
[Date "2005.05.09"]
[Round "2.3"]
[White "Amate Tortosa, Bernardo"]
[Black "San Emeterio Cabanes, Jose Luis"]
[Result "0-1"]
[WhiteElo "2152"]
[BlackElo "2401"]
[PlyCount "54"]
[EventDate "2005.05.09"]
[EventType "swiss"]
[EventRounds "9"]
[EventCountry "ESP"]
[Source "lmi"]
[SourceDate "2005.05.11"]

1. e4 c5 2. Nf3 Nc6 3. d4 cxd4 4. Nxd4 Nf6 5. Nc3 e5 6. Ndb5 d6 7. Bg5 a6 8.
Bxf6 gxf6 9. Na3 b5 10. Nd5 Bg7 11. c3 f5 12. Bd3 Ne7 13. Nxe7 Qxe7 14. Qh5 d5
15. exd5 e4 16. Be2 b4 17. Nc4 bxc3 18. O-O cxb2 19. Rad1 Rb8 20. d6 Qd7 21.
Qg5 O-O 22. Ne5 Qe6 23. d7 h6 24. dxc8=Q Rfxc8 25. Qe3 Qxe5 26. Bxa6 Rc6 27.
Qa3 Ra8 0-1

[Event "España ch Universitario 2005"]
[Site "Granada ESP"]
[Date "2005.05.09"]
[Round "2.4"]
[White "Martinez Martin, David"]
[Black "Moya Palma, David"]
[Result "1/2-1/2"]
[WhiteElo "2376"]
[BlackElo "2151"]
[PlyCount "50"]
[EventDate "2005.05.09"]
[EventType "swiss"]
[EventRounds "9"]
[EventCountry "ESP"]
[Source "lmi"]
[SourceDate "2005.05.11"]

1. d4 Nf6 2. Bg5 Ne4 3. Bf4 d5 4. f3 Nf6 5. e4 dxe4 6. Nc3 Bf5 7. Bc4 e6 8. Qe2
Bb4 9. O-O-O Bxc3 10. bxc3 O-O 11. Bg5 exf3 12. Nxf3 Nbd7 13. Ne5 h6 14. Nxd7
hxg5 15. Nxf8 Qxf8 16. Kb2 b5 17. Bd3 Bg4 18. Qe5 Bxd1 19. Rxd1 Qd6 20. Qxg5 b4
21. Qc5 bxc3+ 22. Qxc3 Nd5 23. Qc5 Qxh2 24. Be4 Rb8+ 25. Ka1 Qd6 1/2-1/2

[Event "España ch Universitario 2005"]
[Site "Granada ESP"]
[Date "2005.05.09"]
[Round "2.5"]
[White "Rosa Cintas, Raul"]
[Black "Ibarra Jerez, Jose Carlos"]
[Result "0-1"]
[WhiteElo "2154"]
[BlackElo "2435"]
[PlyCount "72"]
[EventDate "2005.05.09"]
[EventType "swiss"]
[EventRounds "9"]
[EventCountry "ESP"]
[Source "lmi"]
[SourceDate "2005.05.11"]

1. d4 Nf6 2. Nf3 g6 3. g3 Bg7 4. Bg2 O-O 5. O-O d6 6. Nbd2 c5 7. dxc5 dxc5 8.
c3 Nc6 9. Qc2 Qc7 10. a4 b6 11. Re1 Rd8 12. Nc4 Nh5 13. e4 Ba6 14. Bf1 Rac8 15.
Bd2 Qb7 16. Rad1 Nf6 17. Bc1 Rxd1 18. Rxd1 Bxc4 19. Bxc4 Na5 20. Bd5 Nxd5 21.
Rxd5 Qc6 22. Qd1 Nb7 23. Ne5 Qe6 24. f4 Nd6 25. f5 gxf5 26. exf5 Qxf5 27. Nc6
Qd7 28. Nxe7+ Qxe7 29. Rxd6 Re8 30. Bf4 Qe4 31. Rd8 Bd4+ 32. Rxd4 cxd4 33. Qg4+
Kh8 34. cxd4 Qxd4+ 35. Kg2 Qe4+ 36. Kh3 Qe6 0-1

[Event "España ch Universitario 2005"]
[Site "Granada ESP"]
[Date "2005.05.09"]
[Round "2.6"]
[White "Tallon Ballesteros, Antonio"]
[Black "Franco Alonso, Alejandro"]
[Result "0-1"]
[WhiteElo "2147"]
[BlackElo "2387"]
[PlyCount "59"]
[EventDate "2005.05.09"]
[EventType "swiss"]
[EventRounds "9"]
[EventCountry "ESP"]
[Source "lmi"]
[SourceDate "2005.05.11"]

1. e4 c5 2. Nc3 Nc6 3. f4 g6 4. Nf3 Bg7 5. Bc4 e6 6. f5 Nge7 7. fxe6 fxe6 8. d3
O-O 9. O-O d5 10. Bb3 Na5 11. Bg5 d4 12. Ne2 h6 13. Bd2 Nec6 14. Qe1 Nxb3 15.
axb3 Bd7 16. Qg3 Qe8 17. c3 e5 18. Kh1 Qe6 19. Neg1 Rf6 20. c4 Raf8 21. Rad1 g5
22. Qe1 Qg4 23. Qe2 Qh5 24. Nxd4 Bg4 25. Ndf3 Nd4 26. Nxd4 exd4 27. Qe1 Rf2 28.
Rc1 Be5 29. h3 Qh4 30. Rc2 0-1

[Event "España ch Universitario 2005"]
[Site "Granada ESP"]
[Date "2005.05.09"]
[Round "2.7"]
[White "Llanes Hurtado, Miguel"]
[Black "San Martin, Ramos Luis"]
[Result "1/2-1/2"]
[WhiteElo "2409"]
[BlackElo "2154"]
[PlyCount "87"]
[EventDate "2005.05.09"]
[EventType "swiss"]
[EventRounds "9"]
[EventCountry "ESP"]
[Source "lmi"]
[SourceDate "2005.05.11"]

1. d4 Nf6 2. Nf3 g6 3. c4 Bg7 4. Nc3 O-O 5. e4 d6 6. Be2 e5 7. Be3 exd4 8. Nxd4
Re8 9. f3 c6 10. Bf2 d5 11. exd5 cxd5 12. O-O Nc6 13. c5 Be6 14. Bb5 Qc7 15.
Re1 Nd7 16. Ba4 a6 17. Bxc6 bxc6 18. b4 Qb7 19. Rb1 Ne5 20. Na4 Nc4 21. Nb6
Rad8 22. Bh4 Rb8 23. Nxc4 dxc4 24. Nxe6 Rxe6 25. Rxe6 fxe6 26. Qe2 c3 27. Qxe6+
Qf7 28. Qxf7+ Kxf7 29. Be1 Re8 30. Kf1 Re3 31. Kf2 Bh6 32. Rc1 Rxe1 33. Rxe1 c2
34. Ke2 c1=Q 35. Rxc1 Bxc1 36. Kd3 Ke6 37. Kc4 Bf4 38. g3 Bc7 39. a4 Ke5 40. b5
axb5+ 41. axb5 cxb5+ 42. Kxb5 Kd5 43. g4 h5 44. h3 1/2-1/2

[Event "España ch Universitario 2005"]
[Site "Granada ESP"]
[Date "2005.05.09"]
[Round "2.8"]
[White "Perez Candelario, Manuel"]
[Black "Garcia Bielsa, Andres"]
[Result "1/2-1/2"]
[WhiteElo "2495"]
[BlackElo "2161"]
[PlyCount "74"]
[EventDate "2005.05.09"]
[EventType "swiss"]
[EventRounds "9"]
[EventCountry "ESP"]
[Source "lmi"]
[SourceDate "2005.05.11"]

1. e4 c5 2. Nc3 d6 3. Nf3 Nf6 4. d4 cxd4 5. Nxd4 a6 6. Be3 e6 7. f3 Nbd7 8. g4
h6 9. Qd2 b5 10. O-O-O Bb7 11. h4 b4 12. Na4 Qa5 13. b3 Nc5 14. a3 Nxa4 15.
axb4 Qc7 16. bxa4 d5 17. e5 Nd7 18. f4 Nb6 19. Rh3 Nc4 20. Qc3 Rc8 21. Bxc4
Qxc4 22. Qxc4 Rxc4 23. f5 Bxb4 24. fxe6 Bc3 25. exf7+ Kxf7 26. e6+ Ke7 27. Nb3
Bc6 28. Rd3 Bb4 29. Nd4 Bxa4 30. g5 Rf8 31. gxh6 gxh6 32. Rg3 Rf1+ 33. Kb2 Bc5
34. Rg7+ Ke8 35. Rg8+ Ke7 36. Rg7+ Ke8 37. Rg8+ Ke7 1/2-1/2

[Event "España ch Universitario 2005"]
[Site "Granada ESP"]
[Date "2005.05.09"]
[Round "2.9"]
[White "Fluvia Poyatos, Joan"]
[Black "Torrado Quintela, Julio"]
[Result "1-0"]
[WhiteElo "2465"]
[BlackElo "2159"]
[PlyCount "89"]
[EventDate "2005.05.09"]
[EventType "swiss"]
[EventRounds "9"]
[EventCountry "ESP"]
[Source "lmi"]
[SourceDate "2005.05.11"]

1. e4 c5 2. Nf3 d6 3. d4 cxd4 4. Nxd4 Nf6 5. Nc3 a6 6. Be3 e5 7. Nb3 Be7 8. f3
Be6 9. g4 Nbd7 10. g5 Nh5 11. Qd2 Nb6 12. O-O-O Nc4 13. Bxc4 Bxc4 14. h4 Rc8
15. Nd5 Bxd5 16. Qxd5 Qc7 17. Rh2 O-O 18. Rd3 Qc4 19. Qxc4 Rxc4 20. Na5 Rc7 21.
Bb6 Rcc8 22. Rb3 f5 23. gxf6 Rxf6 24. Nxb7 Rcf8 25. Bc7 Rxf3 26. Rxf3 Rxf3 27.
Bxd6 Bxd6 28. Nxd6 Ng3 29. c4 Re3 30. c5 Nxe4 31. Nxe4 Re1+ 32. Kc2 Rxe4 33.
Kc3 Kf7 34. h5 Rd4 35. b4 Ke6 36. Rg2 Rd7 37. a4 Rf7 38. Rg3 e4 39. Kd4 Kf5 40.
c6 Rc7 41. b5 axb5 42. axb5 g5 43. hxg6 hxg6 44. Rc3 e3 45. Rxe3 1-0

[Event "España ch Universitario 2005"]
[Site "Granada ESP"]
[Date "2005.05.09"]
[Round "2.10"]
[White "Fernandez Baldor Anibarro, Pablo"]
[Black "Herraiz Hidalgo, Herminio"]
[Result "0-1"]
[WhiteElo "2160"]
[BlackElo "2471"]
[PlyCount "110"]
[EventDate "2005.05.09"]
[EventType "swiss"]
[EventRounds "9"]
[EventCountry "ESP"]
[Source "lmi"]
[SourceDate "2005.05.11"]

1. d4 f5 2. Bg5 g6 3. Nd2 Bg7 4. e4 fxe4 5. Nxe4 d5 6. Nc5 b6 7. Nb3 Nh6 8. Nf3
O-O 9. Be2 Nf7 10. Bh4 c5 11. c3 c4 12. Nbd2 Nc6 13. O-O Bf5 14. Re1 Qd7 15.
Bg3 Rae8 16. b3 cxb3 17. Qxb3 Na5 18. Qb4 Nc6 19. Qb3 e6 20. Bb5 Nd6 21. Bxd6
Qxd6 22. Bxc6 Qxc6 23. Ne5 Qc7 24. c4 Bh6 25. Rad1 Bxd2 26. Rxd2 dxc4 27. Nxc4
Rc8 28. Ne5 Qc3 29. Qd1 Rfd8 30. Re3 Qc1 31. g4 Bb1 32. Re1 Qxd1 33. Rexd1 Be4
34. Re1 Bd5 35. Nd3 Rf8 36. h3 Rc3 37. Re3 Rc4 38. Ne1 g5 39. Kh2 Rf4 40. Red3
Ra4 41. a3 Rf8 42. Rc3 Rf4 43. Rcd3 b5 44. Kg3 a5 45. h4 h6 46. hxg5 hxg5 47.
f3 b4 48. axb4 axb4 49. Ng2 Rf8 50. f4 Ra3 51. f5 exf5 52. gxf5 Rxf5 53. Kg4
Rf3 54. Rxf3 Rxf3 55. Ne1 Rf7 0-1

[Event "España ch Universitario 2005"]
[Site "Granada ESP"]
[Date "2005.05.09"]
[Round "3.1"]
[White "Franco Alonso, Alejandro"]
[Black "Amigo Villalta, Jordi"]
[Result "1-0"]
[WhiteElo "2387"]
[BlackElo "2179"]
[PlyCount "35"]
[EventDate "2005.05.09"]
[EventType "swiss"]
[EventRounds "9"]
[EventCountry "ESP"]
[Source "lmi"]
[SourceDate "2005.05.11"]

1. d4 Nf6 2. c4 e6 3. g3 Bb4+ 4. Nd2 O-O 5. Bg2 d5 6. Ngf3 Nbd7 7. O-O c6 8.
Qc2 Re8 9. Rd1 b6 10. e4 dxe4 11. Nxe4 Nxe4 12. Qxe4 Qc7 13. Ng5 h6 14. Qh7+
Kf8 15. Qh8+ Ke7 16. Qxg7 hxg5 17. Bxg5+ Kd6 18. Bf4+ 1-0

[Event "España ch Universitario 2005"]
[Site "Granada ESP"]
[Date "2005.05.09"]
[Round "3.2"]
[White "Ibarra Jerez, Jose Carlos"]
[Black "Torres Garrigos, David"]
[Result "1-0"]
[WhiteElo "2435"]
[BlackElo "2204"]
[PlyCount "45"]
[EventDate "2005.05.09"]
[EventType "swiss"]
[EventRounds "9"]
[EventCountry "ESP"]
[Source "lmi"]
[SourceDate "2005.05.11"]

1. e4 e5 2. Nf3 f5 3. Nxe5 Nc6 4. d4 Qh4 5. Nxc6 Qxe4+ 6. Be2 dxc6 7. O-O Bd7
8. Bh5+ Kd8 9. Bg5+ Nf6 10. Nc3 Qe6 11. d5 cxd5 12. Re1 Qa6 13. Nxd5 Kc8 14.
Bxf6 gxf6 15. Be8 Bd6 16. Bxd7+ Kxd7 17. Nxf6+ Kc8 18. Qh5 Bxh2+ 19. Kxh2 Qxf6
20. Re8+ Kd7 21. Rd1+ Kc6 22. Qf3+ Kb5 23. Qb3+ 1-0

[Event "España ch Universitario 2005"]
[Site "Granada ESP"]
[Date "2005.05.09"]
[Round "3.4"]
[White "Gonzalez de la Torre, Santiago"]
[Black "Martinez Lozano, Miguel"]
[Result "1-0"]
[WhiteElo "2357"]
[BlackElo "2175"]
[PlyCount "41"]
[EventDate "2005.05.09"]
[EventType "swiss"]
[EventRounds "9"]
[EventCountry "ESP"]
[Source "lmi"]
[SourceDate "2005.05.11"]

1. e4 c5 2. Nc3 d6 3. Nf3 a6 4. d4 cxd4 5. Nxd4 Nf6 6. Be2 e5 7. Nb3 Be6 8. f4
Qc7 9. f5 Bc4 10. Bg5 Nbd7 11. a4 Be7 12. O-O O-O 13. a5 Rac8 14. Kh1 d5 15.
exd5 Bxe2 16. Qxe2 Bb4 17. Bxf6 Nxf6 18. Ne4 Nxd5 19. f6 Nxf6 20. Nxf6+ gxf6
21. Qg4+ 1-0

[Event "España ch Universitario 2005"]
[Site "Granada ESP"]
[Date "2005.05.09"]
[Round "3.5"]
[White "Mayans Calvo, Mariano"]
[Black "Garcia Castro, Pablo"]
[Result "1-0"]
[WhiteElo "2179"]
[BlackElo "2372"]
[PlyCount "63"]
[EventDate "2005.05.09"]
[EventType "swiss"]
[EventRounds "9"]
[EventCountry "ESP"]
[Source "lmi"]
[SourceDate "2005.05.11"]

1. c4 g6 2. e4 Bg7 3. d4 d6 4. Nc3 c5 5. Be3 cxd4 6. Bxd4 Nf6 7. Nd5 Nbd7 8.
Ne2 O-O 9. Nec3 b6 10. Be2 Bb7 11. O-O e5 12. Be3 Nxd5 13. Nxd5 f5 14. f3 fxe4
15. fxe4 Rxf1+ 16. Kxf1 Qh4 17. Kg1 Rf8 18. Bf3 Bh6 19. Bf2 Qd8 20. Nc3 Nc5 21.
b4 Ne6 22. Nb5 Ng5 23. Nxd6 Ba8 24. c5 bxc5 25. bxc5 Bc6 26. Bg3 Nxf3+ 27. gxf3
Be3+ 28. Kg2 Qg5 29. h4 Qh6 30. Qb3+ Kg7 31. Bxe5+ Rf6 32. Qf7+ 1-0

[Event "España ch Universitario 2005"]
[Site "Granada ESP"]
[Date "2005.05.09"]
[Round "3.6"]
[White "Villar Nieves, Antonio"]
[Black "Baron Rodriguez, Jesus"]
[Result "0-1"]
[WhiteElo "2197"]
[BlackElo "2437"]
[PlyCount "76"]
[EventDate "2005.05.09"]
[EventType "swiss"]
[EventRounds "9"]
[EventCountry "ESP"]
[Source "lmi"]
[SourceDate "2005.05.11"]

1. d4 d5 2. Nf3 Nf6 3. Bf4 e6 4. e3 Bd6 5. Nbd2 b6 6. Bd3 Bb7 7. c3 Nbd7 8.
Bxd6 cxd6 9. O-O e5 10. dxe5 dxe5 11. Bc2 O-O 12. Nb3 Qe7 13. Qe2 a5 14. Rfd1
a4 15. Nc1 a3 16. Bb3 Rfc8 17. bxa3 Ne4 18. Qb2 Nxc3 19. Rd2 d4 20. Ne1 Nc5 21.
exd4 exd4 22. Ne2 Re8 23. Bc4 b5 24. Bxb5 Nxb5 25. Qxb5 Ba6 26. Qb4 Bxe2 27.
Rc1 Ba6 28. Rxd4 Qe2 29. h3 Ne6 30. Rd2 Qe5 31. Nf3 Qf6 32. Rb1 h6 33. Qg4 Nf4
34. Kh1 Bc8 35. Qg3 Rxa3 36. Rb4 Nxh3 37. Qc7 Rxf3 38. gxf3 Qa1+ 0-1